| 000 | nam a22 a 4500 | ||
|---|---|---|---|
| 999 |
_c238 _d238 |
||
| 003 | AKMAL | ||
| 005 | 20170511155806.0 | ||
| 008 | 170511s1993 my 00 eng d | ||
| 020 |
_a9679784711 : _cRM 79.00 |
||
| 040 | _aAKMAL | ||
| 082 | 0 | 4 | _a338.95950112 MAL |
| 090 | 0 | 0 |
_a338.95950112 _bMAL |
| 245 | 0 | 0 |
_aMalaysia's vision 2020 : _bunderstanding the concept, implications and challenges / _cedited and introduction by Ahmad Sarji Abdul Hamid |
| 260 |
_aPetaling Jaya : _bPelanduk Publications, _c1993 |
||
| 300 |
_axxi, 472p. ; _c22cm |
||
| 500 | _aIncludes index | ||
| 500 | _aKoleksi Peribadi YABhg. Tun Ahmad Sarji (2103032, 2100626) | ||
| 504 | _aIncludes bibliographical references | ||
| 650 |
_aWawasan 2020 _98 |
||
| 650 | 1 | 0 |
_aEconomic forecasting _zMalaysia _982 |
| 650 | 2 | 0 |
_aMalaysia _xForecasting _9538 |
| 651 | 0 |
_aMalaysia _xEconomic policy _949 |
|
| 942 |
_2ddc _cBOOK |
||